Grand Theft Auto V All Missions - Statistics

General Stats
  • This quiz has been taken 244 times
  • The average score is 29 of 77
Answer Stats
Mission Name % Correct
Prologue
90%
Franklin and Lamar
87%
Complications
70%
Reposession
65%
Father/Son
63%
Mr. Phillips
61%
The Long Stretch
61%
Chop
59%
Daddy's Little Girl
56%
Fame or Shame
55%
Nervous Ron
55%
The Big Score
54%
The Third Way
54%
Friends Reunited
52%
The Jewel Store Job
52%
Crystal Maze
50%
The Paleto Score
50%
Hood Safari
49%
The Merryweather Heist
48%
Casing The Jewel Store
47%
Friend Request
47%
Marriage Counseling
47%
Blitz Play
46%
Trevor Phillips Industries
46%
Did somebody say yoga?
45%
By The Book
44%
Lamar Down
44%
Bury The Hatchet
43%
Dead Man Walking
43%
Scouting the Port
42%
Meltdown
41%
Monkey Business
41%
Caida Libre
40%
Masks
40%
Something Sensible
40%
I Fought The Law...
38%
Three's Company
38%
Carbine Rifles
37%
Minisub
37%
Tow Truck
36%
Cargobob
35%
Boiler Suits
34%
Derailed
34%
Eye in the Sky
34%
Mr. Richards
34%
Pack Man
34%
Minor Turbulence
33%
The Ballad of Rocco
33%
Fresh Meat
32%
The Time's Come
32%
Trash Truck
31%
Bugstars Equipment
30%
Reuniting The Family
30%
The Bureau Raid
29%
Hang Ten
28%
Hotel Assassination
28%
BZ Gas Grenades
27%
Deep Inside
27%
Surveying the Score
27%
Firetruck
26%
Legal Trouble
26%
Military Hardware
26%
The Multi Target Assassination
25%
Paleto Score Setup
24%
Predator
24%
The Good Husband
22%
The Construction Assassination
21%
The Bus Assassination
20%
The Vice Assassination
20%
Doting Dad
18%
Architect's Plan
17%
Driller
17%
Parenting 101
15%
Stingers
15%
Sidetracked
14%
Clearing Out The Bureau
9%
The Warp Up
6%
No matching quizzes found
Score Distribution
Percent of People with Each Score
Percentile by Number Answered
Your Score History
You have not taken this quiz